| 000 | 004820000a22001930004500 | ||
|---|---|---|---|
| 999 |
_c47857 _d47857 |
||
| 001 | 653 | ||
| 003 | CO-MdFUSB | ||
| 005 | 20180910173129.0 | ||
| 008 | 180910b xxu||||| |||| 00| 0 eng d | ||
| 020 | _a0-590-41347-3 | ||
| 040 | _cCO-MdBIC | ||
| 082 | 0 | 4 | _a813C M33cc |
| 100 | 1 | _aRey, Margret | |
| 245 | 1 | 0 | _aCurious Georges : Goes to a costume party, edited : Margret Rey |
| 260 | _aNew York : Scholastic | ||
| 300 | _a32 p. | ||
| 650 | 1 | 4 | _aLiteratura Infantil |
| 942 | _cLGB | ||